Normal view
MARC view
- Anagnostopoulos, Theodoros, author.
Entry Personal Name
001 - CONTROL NUMBER
- control field: 52917
003 - CONTROL NUMBER IDENTIFIER
- control field: OSt
005 - DATE AND TIME OF LATEST TRANSACTION
- control field: 20240222095450.0
008 - FIXED-LENGTH DATA ELEMENTS
- fixed length control field: 240222|| aca||aabn | a|a d
040 ## - CATALOGING SOURCE
- Original cataloging agency: OSt
- Transcribing agency: OSt
100 ## - HEADING--PERSONAL NAME
- Personal name: Anagnostopoulos, Theodoros, author.
670 ## - SOURCE DATA FOUND
- Source citation: Work cat.: (OSt): Anagnostopoulos, Theodoros, author., Iot-enabled unobtrusive surveillance systems for smart campus safety/, [2023].
